| 000 | 02430nam a22003371 4500 | ||
|---|---|---|---|
| 005 | 20050808122104.0 | ||
| 008 | 721219s1962 nyu 000 0 eng | ||
| 010 | _aB-347202-210 | ||
| 020 |
_a9780007294695 _c250.00 |
||
| 020 |
_a9780007294695 _c250.00 |
||
| 035 | _aB-347202-210 | ||
| 037 | _bAakar Books | ||
| 040 |
_adpl _bEnglish |
||
| 082 | _aN | ||
| 100 | _aKelly, Cathy | ||
| 245 |
_aLessons in heartbreak / _cby Cathy Kelly |
||
| 260 |
_aLondon _bHarper-Collins Publishers _c2008 |
||
| 270 |
_a77-85 Fullham, Palace Road,Hammersmith _b London _eW6 8JB |
||
| 300 |
_a454p _c18 cm (pbk) |
||
| 942 |
_2ddc _cEN _hN _mKEL |
||
| 999 |
_c23845 _d23845 |
||